Thailand : Aspects of landscape and life, by Robert L. Pendelton, with the assistance of Robert C. Kingsbury and others.

Αποθηκεύτηκε σε:
Λεπτομέρειες βιβλιογραφικής εγγραφής
Κύριος συγγραφέας: Robert L. Pendleton
Μορφή: Βιβλίο
Γλώσσα:Undetermined
Έκδοση: Westport Greenwood Press, publishers 1962
Θέματα:
Ετικέτες: Προσθήκη ετικέτας
Δεν υπάρχουν, Καταχωρήστε ετικέτα πρώτοι!
Thư viện lưu trữ: Trung tâm Học liệu Trường Đại học Cần Thơ
LEADER 00631nam a2200205Ia 4500
001 CTU_90577
008 210402s9999 xx 000 0 und d
082 |a 959.3 
082 |b P398 
100 |a Robert L. Pendleton 
245 0 |a Thailand : 
245 0 |b Aspects of landscape and life, by Robert L. Pendelton, with the assistance of Robert C. Kingsbury and others. 
245 0 |c Robert L. Pendleton 
260 |a Westport 
260 |b Greenwood Press, publishers 
260 |c 1962 
650 |a thailand 
650 |x description and travel 
904 |i Mai Loan 
980 |a Trung tâm Học liệu Trường Đại học Cần Thơ